[Event "HUN-chT2 Breyer 1819"]
[Site "Hungary"]
[Date "2019.01.27"]
[Round "4.8"]
[White "Szakaly, Botond"]
[Black "Kadlicsko, Jozsef"]
[Result "0-1"]
[WhiteElo "1737"]
[BlackElo "2070"]
[PlyCount "64"]
[EventDate "2018.10.28"]
[EventType "team-tourn"]
[EventRounds "9"]
[EventCountry "HUN"]
[SourceTitle "CBM 189 Extra"]
[Source "ChessBase"]
[SourceDate "2019.06.03"]
[SourceVersion "1"]
[SourceVersionDate "2019.06.03"]
[SourceQuality "1"]
[WhiteTeam "Paty"]
[BlackTeam "Szekesfehervar"]
[WhiteTeamCountry "HUN"]
[BlackTeamCountry "HUN"]

1. e4 c5 2. Nf3 a6 3. d4 cxd4 4. Nxd4 Nf6 5. Nc3 d6 6. Be3 e5 7. Nb3 Be6 8. Be2 Be7 9. 0-0 Nbd7 10. f4 Qc7 11. f5 Bc4 12. Rf3 0-0-0 13. h3 h5 14. Bf2 Kb8 15. Bd3 d5 16. exd5 Bxd5 17. Nxd5 Nxd5 18. Qe2 N7f6 19. Bg3 Bd6 20. Rd1 h4 21. Bh2 Rhe8 22. Be4 Nxe4 23. Qxe4 Nf6 24. Qe2 e4 25. Bxd6 Rxd6 26. Rc3 Qd7 27. Re1 Qxf5 28. Rf1 Qe5 29. Qc4 Rd7 30. Re3 Nd5 31. Re2 f5 32. Rd1 Nb6 0-1

[Event "HUN-chT2 Breyer 1819"]
[Site "Hungary"]
[Date "2018.12.02"]
[Round "3.9"]
[White "Szakaly, Botond"]
[Black "Dibusz, Ferenc"]
[Result "0-1"]
[WhiteElo "1737"]
[BlackElo "2180"]
[PlyCount "40"]
[EventDate "2018.10.28"]
[EventType "team-tourn"]
[EventRounds "9"]
[EventCountry "HUN"]
[SourceTitle "CBM 189 Extra"]
[Source "ChessBase"]
[SourceDate "2019.06.03"]
[SourceVersion "1"]
[SourceVersionDate "2019.06.03"]
[SourceQuality "1"]
[WhiteTeam "Paty"]
[BlackTeam "Naszaly Geniusz Tata"]
[WhiteTeamCountry "HUN"]
[BlackTeamCountry "HUN"]

1. e4 c5 2. Nc3 Nc6 3. Bc4 e6 4. Nf3 a6 5. d4 cxd4 6. Nxd4 Nf6 7. a3 d5 8. exd5 exd5 9. Be2 Bd6 10. Bg5 Be5 11. Nf3 h6 12. Nxe5 hxg5 13. Nf3 d4 14. Na2 g4 15. Ng5 Qd5 16. Qd2 Bf5 17. b3 b5 18. 0-0-0 Rc8 19. Rhe1 0-0 20. f4 Na5 0-1

[Event "HUN-chT2 Breyer 1718"]
[Site "Hungary"]
[Date "2018.01.28"]
[Round "7.7"]
[White "Kadlicsko, Jozsef"]
[Black "Szakaly, Botond"]
[Result "1-0"]
[WhiteElo "2083"]
[BlackElo "1750"]
[PlyCount "29"]
[EventDate "2017.09.24"]
[EventType "team-tourn"]
[EventRounds "11"]
[EventCountry "HUN"]
[SourceTitle "EXT 2021"]
[Source "ChessBase"]
[SourceDate "2020.10.23"]
[SourceVersion "1"]
[SourceVersionDate "2020.10.23"]
[SourceQuality "1"]
[WhiteTeam "Szekesfehervar"]
[BlackTeam "Paty"]
[WhiteTeamCountry "HUN"]
[BlackTeamCountry "HUN"]

1. d4 d5 2. c4 c6 3. Nc3 Nf6 4. Nf3 e6 5. Bg5 Be7 6. e3 0-0 7. Qc2 Nbd7 8. Bd3 h6 9. h4 Qc7 10. g4 dxc4 11. Bxc4 e5 12. Bxf6 Bxf6 13. g5 Be7 14. gxh6 gxh6 15. Qg6+ 1-0

[Event "HUN-chT2 Breyer 1718"]
[Site "Hungary"]
[Date "2017.10.08"]
[Round "2.7"]
[White "Szakaly, Botond"]
[Black "Posa, Norbert"]
[Result "0-1"]
[WhiteElo "1750"]
[BlackElo "2026"]
[PlyCount "72"]
[EventDate "2017.09.24"]
[EventType "team-tourn"]
[EventRounds "11"]
[EventCountry "HUN"]
[SourceTitle "EXT 2021"]
[Source "ChessBase"]
[SourceDate "2020.10.23"]
[SourceVersion "1"]
[SourceVersionDate "2020.10.23"]
[SourceQuality "1"]
[WhiteTeam "Paty"]
[BlackTeam "Budapest HASE"]
[WhiteTeamCountry "HUN"]
[BlackTeamCountry "HUN"]

1. e4 c6 2. d4 d5 3. exd5 cxd5 4. Nf3 Bg4 5. Be2 Nc6 6. 0-0 e6 7. Be3 Nf6 8. Nbd2 Bd6 9. b3 0-0 10. c4 Rc8 11. a3 e5 12. dxe5 Nxe5 13. Nxe5 Bxe2 14. Qxe2 Bxe5 15. Ra2 Re8 16. Qf3 d4 17. Bg5 Rc6 18. Ne4 Qc7 19. Bxf6 Bxf6 20. Re2 Be5 21. h3 h6 22. Rd1 Rce6 23. Rde1 Rd8 24. Qd3 Qe7 25. b4 b6 26. c5 Qc7 27. Kh1 g6 28. Kg1 Bg7 29. Rc2 f5 30. Qc4 Qf7 31. cxb6 axb6 32. f3 fxe4 33. fxe4 d3 34. Rd2 Re7 35. Qb5 Bd4+ 36. Kh1 Be3 0-1

[Event "HUN-chT2 Breyer 1617"]
[Site "Hungary"]
[Date "2017.03.12"]
[Round "8.9"]
[White "Kovacs, Andras"]
[Black "Szakaly, Botond"]
[Result "1/2-1/2"]
[WhiteElo "1934"]
[BlackElo "1679"]
[PlyCount "41"]
[EventDate "2016.10.30"]
[EventType "team-tourn"]
[EventRounds "9"]
[EventCountry "HUN"]
[SourceTitle "EXT 2021"]
[Source "ChessBase"]
[SourceDate "2020.10.23"]
[SourceVersion "1"]
[SourceVersionDate "2020.10.23"]
[SourceQuality "1"]
[WhiteTeam "Budapest MLTC"]
[BlackTeam "Paty"]
[WhiteTeamCountry "HUN"]
[BlackTeamCountry "HUN"]

1. c4 c5 2. Nc3 Nc6 3. Nf3 Nf6 4. g3 g6 5. Bg2 Bg7 6. 0-0 0-0 7. e4 d6 8. h3 Be6 9. d3 Qc8 10. Kh2 a6 11. Be3 h6 12. Qd2 Kh7 13. Nd5 Qd8 14. Nh4 b5 15. f4 Bd7 16. f5 Ne5 17. fxg6+ fxg6 18. Nxf6+ exf6 19. b3 Qe7 20. Rad1 Rad8 21. Rf2 1/2-1/2

[Event "HUN-chT2 Charousek 1415"]
[Site "Hungary"]
[Date "2015.04.26"]
[Round "9"]
[White "Szakaly, Botond"]
[Black "Fur, Katinka"]
[Result "0-1"]
[WhiteElo "1587"]
[BlackElo "2019"]
[PlyCount "72"]
[EventDate "2014.10.12"]
[EventType "team-tourn"]
[EventRounds "9"]
[EventCountry "HUN"]
[SourceTitle "EXT 2016"]
[Source "ChessBase"]
[SourceDate "2015.10.08"]
[SourceVersion "1"]
[SourceVersionDate "2015.10.08"]
[SourceQuality "1"]
[WhiteTeam "Biatorbagy"]
[BlackTeam "Balatonfuered"]
[WhiteTeamCountry "HUN"]
[BlackTeamCountry "HUN"]

1. e4 e6 2. d4 d5 3. Nc3 Nf6 4. Bg5 Be7 5. exd5 exd5 6. Nf3 c6 7. Bd3 0-0 8. 0-0 Bg4 9. h3 Bh5 10. Bf5 h6 11. Bf4 Bd6 12. Bxd6 Qxd6 13. Qd3 Bxf3 14. Qxf3 Nbd7 15. Ne2 Nb6 16. b3 Rfe8 17. Ng3 g6 18. Bd3 Nbd7 19. Rfe1 Re7 20. Rxe7 Qxe7 21. Qf4 Kg7 22. h4 Nf8 23. Kf1 Re8 24. a4 Ne6 25. Qe5 Qb4 26. Ne2 Nf8 27. Qf4 Ne4 28. f3 Nf6 29. g4 Ne6 30. Qe5 Nc5 31. Qg3 Nxd3 32. f4 Nb2 33. g5 hxg5 34. hxg5 Nh5 35. Qf3 Qd2 36. f5 Rxe2 0-1

[Event "Tatabanya Regional-ch"]
[Site "Tatabanya"]
[Date "2014.12.28"]
[Round "3"]
[White "Szakaly, Botond"]
[Black "Simonics, Peter"]
[Result "0-1"]
[WhiteElo "1564"]
[BlackElo "1967"]
[PlyCount "30"]
[EventDate "2014.12.27"]
[EventType "swiss"]
[EventRounds "7"]
[EventCountry "HUN"]
[SourceTitle "CBM 164 Extra"]
[Source "ChessBase"]
[SourceDate "2015.03.02"]
[SourceVersion "1"]
[SourceVersionDate "2015.03.02"]
[SourceQuality "1"]

1. e4 e5 2. Nf3 Nc6 3. d4 exd4 4. Nxd4 Bc5 5. Be3 Qf6 6. c3 Nge7 7. Be2 Qg6 8. Bf3 Ne5 9. 0-0 h5 10. Nd2 h4 11. h3 a6 12. Be2 d5 13. exd5 Bxh3 14. Bf3 Bxg2 15. Bxg2 h3 0-1

[Event "Budapest Art Pub Cup 4th"]
[Site "Budapest"]
[Date "2014.04.20"]
[Round "6"]
[White "Szakaly, Botond"]
[Black "Toth, Nikoletta"]
[Result "1-0"]
[WhiteElo "1601"]
[BlackElo "1113"]
[PlyCount "55"]
[EventDate "2014.04.16"]
[EventType "swiss"]
[EventRounds "7"]
[EventCountry "HUN"]
[SourceTitle "EXT 2015"]
[Source "ChessBase"]
[SourceDate "2014.11.20"]
[SourceVersion "1"]
[SourceVersionDate "2014.11.20"]
[SourceQuality "1"]

1. e4 e5 2. Nf3 Nc6 3. d4 exd4 4. Nxd4 Nxd4 5. Qxd4 c6 6. Nc3 d6 7. Bf4 Nf6 8. 0-0-0 c5 9. Qd2 Be7 10. Bb5+ Bd7 11. Bxd7+ Qxd7 12. Bg3 Rd8 13. Rhe1 Qe6 14. f4 Qc4 15. h3 b5 16. b3 Qb4 17. Qe3 c4 18. Nd5 Nxd5 19. exd5 Rd7 20. Bh4 f6 21. Kb1 cxb3 22. cxb3 Rb7 23. Rd4 Qc5 24. Rc1 Qb6 25. Rc8+ Kf7 26. Rxh8 Rc7 27. f5 Qc5 28. Qe6# 1-0

[Event "Budapest Art Pub Cup 3rd"]
[Site "Budapest"]
[Date "2014.01.04"]
[Round "5"]
[White "Revesz, Hunor"]
[Black "Szakaly, Botond"]
[Result "0-1"]
[WhiteElo "1320"]
[BlackElo "1584"]
[PlyCount "54"]
[EventDate "2014.01.02"]
[EventType "swiss"]
[EventRounds "7"]
[EventCountry "HUN"]
[SourceTitle "CBM 158 Extra"]
[Source "ChessBase"]
[SourceDate "2014.02.28"]
[SourceVersion "1"]
[SourceVersionDate "2014.02.28"]
[SourceQuality "1"]

1. e4 e5 2. Nf3 Nc6 3. Bc4 Bc5 4. c3 d6 5. d4 exd4 6. cxd4 Bb6 7. Qb3 Qe7 8. d5 Qxe4+ 9. Kd1 Nce7 10. Qb4 Bd7 11. Bg5 Qg6 12. Re1 f6 13. Bf4 0-0-0 14. g3 Bg4 15. Nbd2 Bxf2 16. Re2 Bb6 17. Rc1 Kb8 18. a4 a5 19. Qb3 Nf5 20. Bd3 Qh5 21. Bxf5 Qxf5 22. Qc3 Qxd5 23. Be3 c5 24. Bf4 Bxf3 25. Qxf3 Qxf3 26. Nxf3 g5 27. Bd2 h5 0-1

[Event "Budapest Art Pub Cup 3rd"]
[Site "Budapest"]
[Date "2014.01.04"]
[Round "4"]
[White "Szakaly, Botond"]
[Black "Csatho, Gabor"]
[Result "0-1"]
[WhiteElo "1584"]
[BlackElo "1769"]
[PlyCount "82"]
[EventDate "2014.01.02"]
[EventType "swiss"]
[EventRounds "7"]
[EventCountry "HUN"]
[SourceTitle "CBM 158 Extra"]
[Source "ChessBase"]
[SourceDate "2014.02.28"]
[SourceVersion "1"]
[SourceVersionDate "2014.02.28"]
[SourceQuality "1"]

1. e4 e5 2. Nf3 Nc6 3. d4 exd4 4. Nxd4 Qh4 5. Qd3 Nf6 6. Nd2 Nb4 7. Qf3 d5 8. Bd3 Nxd3+ 9. cxd3 Bb4 10. 0-0 0-0 11. Nf5 Bxf5 12. exf5 Bd6 13. h3 h5 14. Nb3 Rfe8 15. Be3 c6 16. Nd4 Nd7 17. Qd1 g6 18. fxg6 fxg6 19. Nf3 Qe7 20. Bg5 Qf7 21. Qd2 Ne5 22. Nxe5 Bxe5 23. d4 Bg7 24. f3 Kh7 25. g4 Qd7 26. Kg2 Re6 27. Qd3 hxg4 28. hxg4 Rae8 29. Rf2 Re1 30. Rxe1 Rxe1 31. Kg3 Qc7+ 32. Bf4 Rg1+ 33. Kh2 Qxf4+ 34. Kxg1 Bxd4 35. Kf1 Qc1+ 36. Kg2 Bxf2 37. Kxf2 Qxb2+ 38. Kg3 Qe5+ 39. Kh3 a6 40. Qb3 Qe7 41. Qb6 c5 0-1

[Event "Biatorbagy Gal Memorial 1st"]
[Site "Biatorbagy"]
[Date "2013.01.18"]
[Round "5"]
[White "Szakaly, Botond"]
[Black "Csapo, Laszlo"]
[Result "1-0"]
[WhiteElo "1537"]
[BlackElo "1534"]
[PlyCount "99"]
[EventDate "2012.11.30"]
[EventType "swiss"]
[EventRounds "7"]
[EventCountry "HUN"]
[SourceTitle "EXT 2014"]
[Source "ChessBase"]
[SourceDate "2013.11.20"]
[SourceVersion "1"]
[SourceVersionDate "2013.11.20"]
[SourceQuality "1"]

1. e4 e5 2. Bc4 Bc5 3. Nf3 Nc6 4. d3 h6 5. 0-0 Nf6 6. h3 d5 7. exd5 Nxd5 8. Qe2 0-0 9. Bd2 Re8 10. Nc3 Nd4 11. Nxd4 exd4 12. Qf3 Nf6 13. Ne4 Be7 14. Rfe1 Be6 15. Bxe6 fxe6 16. Qg3 Nxe4 17. Rxe4 Bg5 18. Bxg5 hxg5 19. Rae1 Qf6 20. Re5 Qf4 21. Qxf4 gxf4 22. Rxe6 Rf8 23. R1e4 c5 24. Re7 b6 25. Rd7 Rf7 26. Rxf7 Kxf7 27. Rxf4+ Kg8 28. Re4 a5 29. f4 Kf7 30. Kf2 a4 31. g4 a3 32. b3 b5 33. Re5 Rc8 34. Re4 b4 35. Kf3 Rh8 36. Kg3 Rc8 37. h4 Rc6 38. g5 g6 39. Kg4 Rc8 40. Re5 Kg7 41. Re7+ Kg8 42. h5 gxh5+ 43. Kxh5 Kf8 44. Re5 Kg7 45. g6 c4 46. dxc4 Rh8+ 47. Kg5 Rh2 48. Re7+ Kg8 49. Kf6 Re2 50. Rxe2 1-0

[Event "Biatorbagy Gal Memorial 1st"]
[Site "Biatorbagy"]
[Date "2012.12.07"]
[Round "2"]
[White "Szakaly, Botond"]
[Black "Ronyai, Imre"]
[Result "1-0"]
[WhiteElo "1537"]
[BlackElo "1640"]
[PlyCount "71"]
[EventDate "2012.11.30"]
[EventType "swiss"]
[EventRounds "7"]
[EventCountry "HUN"]
[SourceTitle "EXT 2014"]
[Source "ChessBase"]
[SourceDate "2013.11.20"]
[SourceVersion "1"]
[SourceVersionDate "2013.11.20"]
[SourceQuality "1"]

1. e4 c5 2. Bc4 e6 3. Nc3 Nc6 4. d3 a6 5. a3 b5 6. Ba2 Bb7 7. Be3 Qc7 8. Nf3 Nf6 9. 0-0 Be7 10. Qd2 h6 11. Rad1 0-0 12. d4 cxd4 13. Nxd4 Ne5 14. f4 Neg4 15. e5 Nxe3 16. Qxe3 Nh7 17. b4 Rac8 18. Ne4 Bxe4 19. Qxe4 d5 20. exd6 Bxd6 21. h3 Nf6 22. Qf3 Qb6 23. Kh1 Rfe8 24. Qd3 Bb8 25. c4 bxc4 26. Bxc4 a5 27. bxa5 Qxa5 28. Qb3 Red8 29. Nxe6 Rd2 30. Rxd2 Qxd2 31. Rd1 Qf2 32. a4 Ne4 33. a5 Re8 34. Qd3 Bxf4 35. Qxe4 fxe6 36. Rf1 1-0